Списки музыкантов за время управления театрами Нарышкина и князя Тюфякина

Доступно только в Электронных читальных залах Найти на картеНа карте
RUSMARC
00003579nmc2a22000003x 450
0018d63fd7b-bead-43e6-bcf5-93e10f8aa644
00520181004131320.0
100##$a20161212l18131821k l0rusy0189 ca
1010#$arus
102##$aRU
2001#$aСписки музыкантов за время управления театрами Нарышкина и князя Тюфякина
$j1813-1821 гг.
251##$cДело
300##$aДело
801#0$aRU
$bРГИА
$c20161212
$gRCR
801#1$aRU
$bГлавНИВЦ
$c20161212
$2rusmarc
801#2$aRU
$bПБ им. Б.Н. Ельцина
$c20181004
$gRCR
$2rusmarc
850##$aРГИА
852##$aРГИА
$eФедеральное казенное учреждение "Российский государственный исторический архив" (РГИА)
$j1262
937##$hРГИА
$d12235803
$aASBIBLIO_SCAN
462#0$1001dd3991dc-24e1-42ec-8838-ca4255420416
$12001
$a1746-1850 гг.
$1251
$cОпись
$1852
$j1
461#0$10019264ebf8-de62-4f1a-9eb4-9f22098dbbd5
$12001
$aДирекция императорских театров МИДв
$1251
$cФонд
$1852
$j497
215##$a14 л.
$d36,5х26 см
371##$aДокумент не является опубликованным и широко распространяемым
105##$ay###
1222#$ad
035##$a8d63fd7b-bead-43e6-bcf5-93e10f8aa644
856##$uhttp://readingroom.main.prlib.ru/item.aspx?id_node=n118868378&mode=full
Формат отображения